| LEADER 00000nam 2200000uu 4500 |
| 001 207868 |
| 003 ULIBM |
| 008 120719s1994||||th 000 0 tha d |
| 020 ^a0070364109
|
| 040 ^abcnkk
|
| 041 0 ^aeng
|
| 050 4 PE1408^bL171 1994
|
| 100 1 ^aLangan, John,^d1942-
|
| 245 10 ^aSentence skills :^ba workbook for writers : form B /^cJohnLangan
|
| 250 ^a5th ed.
|
| 260 ^aNew York :^bMcGraw-Hill,^cc1994
|
| 300 ^axv, 507 p. :^bill. ;^c24 cm
|
| 500 ^aSend to Single Search
|
| 650 0 ^aEnglish language^xGrammar^vProblems, exercises, etc
|
| 650 0 ^aEnglish language^xRhetoric^vProblems, exercises, etc
|
| 650 0 ^aEnglish language^xSentences^vProblems, exercises,
|
| 999 ^aใช้งานได้ทุกระบบ
|